| 000 | 00656nam a2200133Ia 4500 | ||
|---|---|---|---|
| 008 | 220615s9999||||xx |||||||||||||| ||und|| | ||
| 100 | _aLoo, Jonathan||Lloret Mauri, Jaime||Hamilton Ortiz, Jesús | ||
| 245 | 0 |
_aMobile Ad Hoc Networks _bCurrent Status and Future Trends |
|
| 546 | _aEnglish[eng] | ||
| 650 | _aNetworks||Digital and Wireless Communication||ENG||ElectricalEngineering||SCI-TECH||ITECH||INFORMATIONSCIENCE||STM||ad-hoc||destination||intermediate||node||nodes||protocol||routing||source||table||wireless | ||
| 700 | _aWilliams, Gabriella | ||
| 856 | _uhttps://library.oapen.org/bitstream/20.500.12657/41721/1/9781439856505.pdf | ||
| 942 | _cEB | ||
| 999 |
_c11242 _d11242 |
||